[Event "33rd Leon Blitz Open 2020"]
[Site "chess.com INT"]
[Date "2020.07.14"]
[Round "4"]
[White "Orozbaev, Eldiar"]
[Black "Idrisov, Ildar F"]
[Result "0-1"]
[WhiteTitle "CM"]
[BlackTitle "FM"]
[WhiteElo "1973"]
[BlackElo "2282"]
[WhiteFideId "13802240"]
[BlackFideId "4151020"]
[EventDate "2020.07.14"]
[EventType "blitz"]

1. e4 d5 2. exd5 Qxd5 3. Nc3 Qd6 4. Nf3 a6 5. d4 Nf6 6. Bd3 Bg4 7. O-O e6 8. Bg5
Be7 9. Re1 O-O 10. h3 Bh5 11. Qe2 Nc6 12. Ne4 Nxe4 13. Qxe4 Bg6 14. Bxe7 Qxe7
15. Qe3 Bxd3 16. Qxd3 Rad8 17. Rad1 Qb4 18. b3 h6 19. c3 Qa5 20. Qc4 Rd5 21. b4
Qb5 22. Qb3 Rd7 23. d5 exd5 24. a4 Qb6 25. Rxd5 Re7 26. Rxe7 Nxe7 27. Rd7 Nf5
28. Ne5 Qf6 29. Ng4 Qc6 30. Ne5 Qf6 31. Qd5 c6 32. Qe4 Re8 33. f4 Re7 34. Rd8+
Kh7 35. g4 Rxe5 36. fxe5 Qxd8 37. gxf5 Qd1+ 38. Kg2 Qd2+ 39. Kf1 Qd1+ 40. Kf2
Qd2+ 41. Kg1 Qd1+ 42. Kh2 Qd2+ 43. Qg2 Qxc3 44. e6 Qe5+ 45. Kh1 Qxf5 46. e7 Qe5
47. Qc2+ g6 48. Qc5 Qe6 49. Kg2 h5 50. Qg5 Kg7 51. Kf3 f6 52. Qc5 Kf7 53. e8=Q+
Qxe8 54. Qa7 Qe7 55. Qb6 Kg7 56. a5 g5 57. Qd4 Kg6 58. Qd3+ f5 59. Qc3 Qe4+ 60.
Kf2 f4 61. Qh8 Qe3+ 62. Kg2 Qg3+ 63. Kf1 Qxh3+ 64. Ke2 Qe3+ 65. Kd1 Qf3+ 66. Kc2
Qe4+ 67. Kc3 Qd5 68. Qe8+ Qf7 69. Qe4+ Kh6 70. Qf3 g4 71. Qd3 Kg5 72. Qd2 g3 73.
Qe2 h4 74. Qe5+ Kg4 75. Qe2+ f3 76. Qe4+ Kh3 77. Qe1 g2 78. Qf2 Qf6+ 79. Kc4 Kh2
80. Kc5 Qe5+ 81. Kb6 Qg3 82. Qb2 f2 83. Kxb7 f1=Q 84. Qh8 Kh1 85. Ka8 g1=Q 86.
b5 Qg8+ 87. Kb7 Q1g7+ 88. Kb6 Qf2+ 0-1

[Event "33rd Leon Blitz Open 2020"]
[Site "chess.com INT"]
[Date "2020.07.14"]
[Round "5"]
[White "Perrine, Dalton"]
[Black "Aslanov, Umid"]
[Result "1-0"]
[WhiteTitle "FM"]
[BlackTitle "CM"]
[WhiteElo "2247"]
[BlackElo "2019"]
[WhiteFideId "2048434"]
[BlackFideId "13412620"]
[EventDate "2020.07.14"]
[EventType "blitz"]

1. d4 Nf6 2. c4 e6 3. Nf3 b6 4. g3 Ba6 5. Qc2 Bb7 6. Bg2 c5 7. dxc5 Bxc5 8. O-O
O-O 9. Nc3 Nc6 10. a3 Rc8 11. Rd1 Qe7 12. Bg5 Nd4 13. Nxd4 1-0

[Event "33rd Leon Blitz Open 2020"]
[Site "chess.com INT"]
[Date "2020.07.14"]
[Round "5"]
[White "Narayanan, S.L."]
[Black "Lopez Idarraga, Daniel Eduardo"]
[Result "1-0"]
[WhiteTitle "GM"]
[BlackTitle "FM"]
[WhiteElo "2618"]
[BlackElo "2009"]
[WhiteFideId "5058422"]
[BlackFideId "4405501"]
[EventDate "2020.07.14"]
[EventType "blitz"]

1. e4 c5 2. Nc3 a6 3. g3 b5 4. Bg2 Bb7 5. d3 e6 6. Nh3 Nf6 7. O-O Be7 8. f4 O-O
9. f5 e5 10. g4 Nc6 11. g5 Ne8 12. Nd5 f6 13. g6 Nc7 14. Qh5 1-0

[Event "33rd Leon Blitz Open 2020"]
[Site "chess.com INT"]
[Date "2020.07.14"]
[Round "5"]
[White "Niemann, Hans Moke"]
[Black "Novoselski, Zoran"]
[Result "1-0"]
[WhiteTitle "IM"]
[BlackTitle "IM"]
[WhiteElo "2465"]
[BlackElo "2318"]
[WhiteFideId "2093596"]
[BlackFideId "901970"]
[EventDate "2020.07.14"]
[EventType "blitz"]

1. d4 e6 2. Nc3 d5 3. Bf4 Nf6 4. e3 Bb4 5. Ne2 O-O 6. a3 Bd6 7. Nb5 Bxf4 8. Nxf4
a6 9. Nc3 Nbd7 10. g4 c5 11. g5 Ne8 12. h4 cxd4 13. exd4 Qc7 14. Qf3 Nd6 15. Bd3
Re8 16. O-O-O Nc4 17. h5 Nf8 18. g6 fxg6 19. hxg6 h6 20. Nfxd5 exd5 21. Nxd5 Qc6
22. Qf7+ Kh8 23. Rxh6+ 1-0

[Event "33rd Leon Blitz Open 2020"]
[Site "chess.com INT"]
[Date "2020.07.14"]
[Round "5"]
[White "Aleksandrov, Aleksej"]
[Black "Deac, Bogdan-Daniel"]
[Result "0-1"]
[WhiteTitle "GM"]
[BlackTitle "GM"]
[WhiteElo "2608"]
[BlackElo "2625"]
[WhiteFideId "13500139"]
[BlackFideId "1226380"]
[EventDate "2020.07.14"]
[EventType "blitz"]

1. d4 d5 2. c4 e6 3. Nc3 c6 4. e3 Nf6 5. Nf3 Nbd7 6. Bd3 dxc4 7. Bxc4 b5 8. Be2
Bb7 9. O-O a6 10. e4 c5 11. d5 exd5 12. e5 Ne4 13. Nxd5 Nxe5 14. Nxe5 Qxd5 15.
Qxd5 Bxd5 16. Re1 Bd6 17. Bf3 Bxe5 18. Bxe4 Bxe4 19. Rxe4 O-O-O 20. Be3 Bxb2 21.
Rb1 Ba3 22. g4 c4 23. g5 f5 24. gxf6 gxf6 25. Re6 Rd6 26. Re7 Rd1+ 27. Rxd1 Bxe7
28. a4 Rd8 29. Rb1 b4 0-1

[Event "33rd Leon Blitz Open 2020"]
[Site "chess.com INT"]
[Date "2020.07.14"]
[Round "5"]
[White "Sukandar, Irine Kharisma"]
[Black "Doluhanova, Evgeniya"]
[Result "0-1"]
[WhiteTitle "IM"]
[BlackTitle "WGM"]
[WhiteElo "2413"]
[BlackElo "2229"]
[WhiteFideId "7101937"]
[BlackFideId "14112035"]
[EventDate "2020.07.14"]
[EventType "blitz"]

1. d4 Nf6 2. Bf4 e6 3. e3 d5 4. Nd2 Bd6 5. Bg3 O-O 6. Bd3 c5 7. c3 Qc7 8. Ngf3
Nbd7 9. Bxd6 Qxd6 10. O-O e5 11. dxe5 Nxe5 12. Nxe5 Qxe5 13. Re1 Bg4 14. f3 Bf5
15. e4 dxe4 16. Nxe4 Nxe4 17. Bxe4 Bxe4 18. Rxe4 Qf6 19. Qd5 b6 20. Rae1 h6 21.
Re7 Rad8 22. Qb7 Rd2 23. Re8 Rxe8 24. Rxe8+ Kh7 25. Qxa7 Qg6 0-1

[Event "33rd Leon Blitz Open 2020"]
[Site "chess.com INT"]
[Date "2020.07.14"]
[Round "5"]
[White "Johnson, Joel"]
[Black "Zuriel, Marisa"]
[Result "1-0"]
[BlackTitle "WIM"]
[WhiteElo "2223"]
[BlackElo "2203"]
[WhiteFideId "2003821"]
[BlackFideId "109142"]
[EventDate "2020.07.14"]
[EventType "blitz"]

1. e4 c5 2. Nc3 Nc6 3. f4 g6 4. Nf3 Bg7 5. Bc4 e6 6. f5 gxf5 7. d3 Nge7 8. Bg5
f6 9. Bh4 d5 10. exd5 exd5 11. Bb5 O-O 12. O-O Ng6 13. Bf2 d4 14. Ne2 Nce5 15.
Ng3 Be6 16. Qd2 Nxf3+ 17. gxf3 Nh4 18. Qf4 Ng6 19. Qd2 a6 20. Bc4 Bxc4 21. dxc4
Ne5 22. Qf4 Nxc4 23. Nxf5 Kh8 24. Kh1 Rg8 25. Rae1 Ne5 26. Bh4 Ng6 27. Qg3 Nxh4
28. Qxh4 Qd5 29. Ne7 Qxa2 30. Ng6# 1-0

[Event "33rd Leon Blitz Open 2020"]
[Site "chess.com INT"]
[Date "2020.07.14"]
[Round "5"]
[White "Altman, Joshua"]
[Black "Suvrajit, Saha"]
[Result "1-0"]
[WhiteTitle "CM"]
[BlackTitle "IM"]
[WhiteElo "1926"]
[BlackElo "2198"]
[WhiteFideId "426210"]
[BlackFideId "5002532"]
[EventDate "2020.07.14"]
[EventType "blitz"]

1. d4 d5 2. c4 dxc4 3. e3 e6 4. Bxc4 Nf6 5. Nf3 a6 6. O-O b5 7. Bd3 Bb7 8. b3
Nbd7 9. Bb2 c5 10. a4 b4 11. Nbd2 Be7 12. Qe2 O-O 13. Rfd1 cxd4 14. Bxd4 Qb8 15.
Rac1 e5 16. Bb2 e4 17. Nxe4 Nxe4 18. Bxe4 Bxe4 19. Rxd7 Re8 20. Rcc7 Bd6 21.
Rxf7 Bxc7 22. Rxg7+ Kf8 23. Qc4 Bxh2+ 24. Nxh2 1-0

[Event "33rd Leon Blitz Open 2020"]
[Site "chess.com INT"]
[Date "2020.07.14"]
[Round "5"]
[White "Grunberg, Mihai-Lucian"]
[Black "Plenca, Jadranko"]
[Result "1-0"]
[WhiteTitle "IM"]
[BlackTitle "IM"]
[WhiteElo "2401"]
[BlackElo "2483"]
[WhiteFideId "1204149"]
[BlackFideId "14527146"]
[EventDate "2020.07.14"]
[EventType "blitz"]

1. Nf3 d5 2. c4 e6 3. g3 Nf6 4. Bg2 Be7 5. O-O O-O 6. d4 dxc4 7. Qc2 a6 8. a4
Nc6 9. Qxc4 Na5 10. Qc2 b6 11. Bd2 Bb7 12. b4 Nc6 13. Qb2 Rb8 14. Rd1 a5 15. b5
Nb4 16. Bxb4 Bxb4 17. Ne5 Bxg2 18. Kxg2 Qd5+ 19. f3 Bd6 20. e4 Nxe4 21. fxe4
Qxe4+ 22. Nf3 f5 23. Nc3 Qb7 24. Qb3 Rbe8 25. Re1 Qc8 26. Ng5 Rf6 27. Rxe6 Rfxe6
28. Re1 h6 29. Rxe6 1-0

[Event "33rd Leon Blitz Open 2020"]
[Site "chess.com INT"]
[Date "2020.07.14"]
[Round "5"]
[White "Rom, Jasper"]
[Black "Bommini, Mounika Akshaya"]
[Result "1-0"]
[BlackTitle "WFM"]
[WhiteElo "2202"]
[BlackElo "2029"]
[WhiteFideId "2023733"]
[BlackFideId "25019872"]
[EventDate "2020.07.14"]
[EventType "blitz"]

1. e4 c5 2. Nc3 e6 3. f4 d5 4. d3 d4 5. Nb1 Nc6 6. g3 g6 7. Bg2 Bg7 8. Nh3 Nge7
9. O-O O-O 10. Nd2 f5 11. a4 e5 12. Nc4 Be6 13. Ng5 Bxc4 14. dxc4 Qd7 15. exf5
Nxf5 16. Bd5+ Kh8 17. Ne6 Rfe8 18. Nxg7 Nxg7 19. fxe5 Nxe5 20. Bg5 Ng4 21. Rf7
Qc8 22. Bxb7 Qe6 23. Bd5 Qe5 24. Qxg4 1-0

[Event "33rd Leon Blitz Open 2020"]
[Site "chess.com INT"]
[Date "2020.07.14"]
[Round "5"]
[White "Stukan, Martin"]
[Black "Tay, Junior"]
[Result "0-1"]
[WhiteTitle "FM"]
[BlackTitle "CM"]
[WhiteElo "2325"]
[BlackElo "2230"]
[WhiteFideId "34171980"]
[BlackFideId "5800439"]
[EventDate "2020.07.14"]
[EventType "blitz"]

1. d4 d5 2. Nf3 c5 3. e3 Nc6 4. c4 e6 5. Nc3 Nf6 6. dxc5 Bxc5 7. a3 a6 8. b4 Ba7
9. Bb2 O-O 10. Bd3 dxc4 11. Bxc4 b5 12. Bb3 Qe7 13. O-O Rd8 14. Qc2 Bb7 15. Ne4
Nxe4 16. Qxe4 Nd4 17. Qg4 f5 18. Qxd4 Bxd4 19. Nxd4 Bd5 20. Bxd5 Rxd5 21. Rac1
Qd7 22. h3 Rc8 23. Rxc8+ Qxc8 24. Rc1 Qd7 25. Nf3 Rd1+ 26. Rxd1 Qxd1+ 27. Kh2
Qb3 0-1

[Event "33rd Leon Blitz Open 2020"]
[Site "chess.com INT"]
[Date "2020.07.14"]
[Round "5"]
[White "Leiva, Giuseppe"]
[Black "Khachatryan, Anna"]
[Result "1-0"]
[WhiteTitle "IM"]
[BlackTitle "WFM"]
[WhiteElo "2391"]
[BlackElo "2071"]
[WhiteFideId "3804399"]
[BlackFideId "13310780"]
[EventDate "2020.07.14"]
[EventType "blitz"]

1. d4 Nf6 2. c4 c5 3. d5 b5 4. cxb5 a6 5. bxa6 g6 6. Nc3 Bg7 7. g3 O-O 8. Bg2 d6
9. Nf3 Bxa6 10. O-O Nbd7 11. Qc2 Qb6 12. Rd1 Rfb8 13. Rb1 Ng4 14. h3 Nge5 15.
Ne1 c4 16. Be3 Nc5 17. Qd2 Qa5 18. Nc2 Na4 19. Nd4 Nxc3 20. bxc3 Bb7 21. Rb5
Qxa2 22. Qxa2 Rxa2 23. Rdb1 Ra7 24. Nc6 Nxc6 25. dxc6 1-0

[Event "33rd Leon Blitz Open 2020"]
[Site "chess.com INT"]
[Date "2020.07.14"]
[Round "5"]
[White "Mogirzan, Matei-Valeriu"]
[Black "Khumalo, Keith"]
[Result "1-0"]
[WhiteTitle "CM"]
[BlackTitle "CM"]
[WhiteElo "1813"]
[BlackElo "2117"]
[WhiteFideId "1257455"]
[BlackFideId "14319470"]
[EventDate "2020.07.14"]
[EventType "blitz"]

1. e4 c5 2. Nf3 e6 3. d4 cxd4 4. Nxd4 a6 5. a3 Nf6 6. Nc3 Qc7 7. Bg5 Be7 8. Qd2
d6 9. f4 Nbd7 10. g4 h6 11. Bxf6 Bxf6 12. O-O-O b5 13. Bxb5 1-0

[Event "33rd Leon Blitz Open 2020"]
[Site "chess.com INT"]
[Date "2020.07.14"]
[Round "5"]
[White "Bodnar, Nikolay"]
[Black "Arencibia Monduy, Antonio"]
[Result "1-0"]
[WhiteTitle "IM"]
[BlackTitle "CM"]
[WhiteElo "2424"]
[BlackElo "2148"]
[WhiteFideId "14106469"]
[BlackFideId "3507939"]
[EventDate "2020.07.14"]
[EventType "blitz"]

1. e4 c5 2. Nf3 d6 3. d4 cxd4 4. Nxd4 Nf6 5. Nc3 a6 6. Bg5 e6 7. f4 h6 8. Bh4
Be7 9. Qf3 Qc7 10. O-O-O Nbd7 11. Bf2 b5 12. a3 Bb7 13. g4 g5 14. h4 gxf4 15. g5
hxg5 16. hxg5 Rxh1 17. Qxh1 Ng4 18. Nxe6 fxe6 19. Qh5+ Kd8 20. Qxg4 Nf8 21. g6
Bf6 22. Bh4 Bxh4 23. g7 Be7 24. g8=Q Kd7 25. Bh3 b4 26. Nd5 Qc4 27. Q4xe6+ Nxe6
28. Qxe6+ 1-0

[Event "33rd Leon Blitz Open 2020"]
[Site "chess.com INT"]
[Date "2020.07.14"]
[Round "5"]
[White "Vokhidov, Shamsiddin"]
[Black "Swayams, Mishra"]
[Result "1/2-1/2"]
[WhiteTitle "GM"]
[BlackTitle "GM"]
[WhiteElo "2512"]
[BlackElo "2489"]
[WhiteFideId "14204223"]
[BlackFideId "5028183"]
[EventDate "2020.07.14"]
[EventType "blitz"]

1. e4 e6 2. d4 d5 3. Nd2 Nf6 4. e5 Nfd7 5. Bd3 c5 6. c3 Nc6 7. Ne2 f6 8. Nf4 Qe7
9. Nf3 fxe5 10. dxe5 Ndxe5 11. Nxe5 Nxe5 12. Qh5+ Nf7 13. O-O g6 14. Qe2 Bg7 15.
Re1 Ne5 16. Bb5+ Bd7 17. Bxd7+ Qxd7 18. Nxe6 Qxe6 19. Bf4 O-O 20. Bxe5 Rae8 21.
Bxg7 Qxe2 22. Rxe2 Rxe2 23. Bxf8 Kxf8 24. Rb1 Ke7 25. Kf1 Rc2 26. Re1+ Kd6 27.
Re2 Rc1+ 28. Re1 Rc2 29. Re2 Rc1+ 30. Re1 Rc2 1/2-1/2

[Event "33rd Leon Blitz Open 2020"]
[Site "chess.com INT"]
[Date "2020.07.14"]
[Round "5"]
[White "Akshat, Khamparia"]
[Black "Gazik, Viktor"]
[Result "0-1"]
[WhiteTitle "IM"]
[BlackTitle "IM"]
[WhiteElo "2406"]
[BlackElo "2502"]
[WhiteFideId "5016541"]
[BlackFideId "14928752"]
[EventDate "2020.07.14"]
[EventType "blitz"]

1. d4 Nf6 2. c4 Nc6 3. Nf3 d6 4. g3 Bg4 5. Bg2 e5 6. d5 Ne7 7. Nc3 Ng6 8. h3 Bd7
9. h4 h5 10. Bg5 Be7 11. Qc2 O-O 12. Nd2 c6 13. O-O-O Rc8 14. Bxf6 Bxf6 15. Kb1
Be7 16. Bf3 cxd5 17. Nxd5 b5 18. Bxh5 bxc4 19. Bf3 f5 20. h5 Nh8 21. Nxe7+ Qxe7
22. Bd5+ Be6 23. Nxc4 Rc5 24. e4 fxe4 25. Qxe4 Rxd5 26. Rxd5 Bf5 27. f3 Bxe4+
28. fxe4 Nf7 29. Rhd1 Qg5 0-1

[Event "33rd Leon Blitz Open 2020"]
[Site "chess.com INT"]
[Date "2020.07.14"]
[Round "5"]
[White "Berkovich, Mark A"]
[Black "Matveev, Vladimir3"]
[Result "1-0"]
[WhiteTitle "IM"]
[BlackTitle "FM"]
[WhiteElo "2326"]
[BlackElo "2368"]
[WhiteFideId "2801639"]
[BlackFideId "24130753"]
[EventDate "2020.07.14"]
[EventType "blitz"]

1. Nf3 Nf6 2. g3 g6 3. Bg2 Bg7 4. O-O O-O 5. d4 d6 6. b3 c6 7. Bb2 Qa5 8. Nfd2
Qh5 9. e3 Qxd1 10. Rxd1 Bg4 11. f3 Bf5 12. e4 Bc8 13. a4 Nfd7 14. a5 c5 15. Nc4
Nc6 16. dxc5 Bxb2 17. Nxb2 Nxc5 18. Nc3 Be6 19. Nd5 Rfc8 20. b4 Bxd5 21. bxc5
Be6 22. cxd6 exd6 23. Rxd6 Nb4 24. c4 Bxc4 25. Nxc4 Rxc4 26. Rb1 Rac8 27. Bf1
Rc1 28. Rxb4 Ra1 29. Rd2 1-0

[Event "33rd Leon Blitz Open 2020"]
[Site "chess.com INT"]
[Date "2020.07.14"]
[Round "5"]
[White "Nguyen, Ngoc Truong Son"]
[Black "Firouzja, Alireza"]
[Result "1/2-1/2"]
[WhiteTitle "GM"]
[BlackTitle "GM"]
[WhiteElo "2641"]
[BlackElo "2728"]
[WhiteFideId "12401110"]
[BlackFideId "12573981"]
[EventDate "2020.07.14"]
[EventType "blitz"]

1. c4 g6 2. Nc3 Bg7 3. g3 Nf6 4. Bg2 O-O 5. Nf3 d6 6. O-O e5 7. d3 a5 8. a3 Bd7
9. Bg5 h6 10. Bxf6 Bxf6 11. Nd2 Bc6 12. Nd5 Bg7 13. b4 axb4 14. axb4 Rxa1 15.
Qxa1 e4 16. Qa5 b6 17. Qa3 Bxd5 18. cxd5 exd3 19. Qxd3 Nd7 20. Rc1 Re8 21. e3
Ne5 22. Qc2 Re7 23. Nc4 Nxc4 24. Qxc4 Qa8 25. Qb3 h5 26. h4 b5 27. Bf1 Qa4 28.
Qd3 Qxb4 29. Qxb5 Qd2 30. Rxc7 Rxc7 31. Qb8+ Bf8 32. Qxc7 Qxd5 1/2-1/2

[Event "33rd Leon Blitz Open 2020"]
[Site "chess.com INT"]
[Date "2020.07.14"]
[Round "5"]
[White "Idrisov, Ildar F"]
[Black "Ogloblin, Nikolay"]
[Result "1/2-1/2"]
[WhiteTitle "FM"]
[BlackTitle "IM"]
[WhiteElo "2282"]
[BlackElo "2346"]
[WhiteFideId "4151020"]
[BlackFideId "4139658"]
[EventDate "2020.07.14"]
[EventType "blitz"]

1. Nf3 Nf6 2. d4 e6 3. Bg5 d5 4. Nc3 Be7 5. e3 b6 6. Bd3 Bb7 7. O-O Nbd7 8. Ne5
Nxe5 9. dxe5 Nd7 10. Bxe7 Qxe7 11. f4 f6 12. Qh5+ Qf7 13. Qxf7+ Kxf7 14. Nb5
Rhc8 15. exf6 Nxf6 16. Rad1 a6 17. Nd4 c5 18. Nf3 c4 19. Ne5+ Ke7 20. Be2 Nd7
21. Nxd7 Kxd7 22. e4 Ke7 23. exd5 Bxd5 24. Bf3 Bxf3 25. Rxf3 Rd8 26. Rff1 Kf6
27. Kf2 b5 28. Ke3 Kf5 29. h3 h5 30. g3 Rac8 31. c3 g6 32. Kf3 Kf6 33. Ke4 a5
34. a3 b4 35. axb4 axb4 36. g4 hxg4 37. hxg4 bxc3 38. bxc3 Rb8 39. g5+ Ke7 40.
Rxd8 Rxd8 41. Ra1 Rd3 42. Ra7+ Kd6 43. Ra6+ Kd7 44. Ra7+ Kd6 45. Ra6+ Kd7 46.
Ra7+ Kd6 1/2-1/2

[Event "33rd Leon Blitz Open 2020"]
[Site "chess.com INT"]
[Date "2020.07.14"]
[Round "5"]
[White "Abdusattorov, Nodirbek"]
[Black "Sliwicki, Damian"]
[Result "1-0"]
[WhiteTitle "GM"]
[BlackTitle "CM"]
[WhiteElo "2627"]
[BlackElo "2180"]
[WhiteFideId "14204118"]
[BlackFideId "1127128"]
[EventDate "2020.07.14"]
[EventType "blitz"]

1. e4 c5 2. Nf3 g6 3. d4 cxd4 4. Nxd4 Nc6 5. c4 Nf6 6. Nc3 Nxd4 7. Qxd4 d6 8. f3
Bg7 9. Be3 O-O 10. Qd2 a5 11. Be2 a4 12. O-O Qa5 13. Rfc1 Be6 14. Rab1 Rfc8 15.
Nd5 Qxd2 16. Bxd2 Nxd5 17. cxd5 Bd7 18. Kf2 Bd4+ 19. Be3 Rxc1 20. Rxc1 Bxb2 21.
Rc7 Bc8 22. Rxe7 Kg7 23. f4 a3 24. Re8 b5 25. Bxb5 Ba6 26. Rxa8 Bxb5 27. Bd2 Bc4
28. Bb4 f5 29. Bxa3 Bd4+ 30. Kf3 Bd3 31. exf5 gxf5 32. Bxd6 Be4+ 33. Kg3 Bxd5
34. Rd8 Bxa2 35. Bf8+ Kf7 36. Rxd4 Kxf8 37. Kh4 Kg7 38. Kg5 Bb1 39. Rd7+ Kh8 40.
Kf6 Ba2 41. Rd8+ Bg8 42. Kxf5 1-0

[Event "33rd Leon Blitz Open 2020"]
[Site "chess.com INT"]
[Date "2020.07.14"]
[Round "5"]
[White "Martinez Alcantara, Jose Eduardo"]
[Black "Sviridova, Vlada"]
[Result "1-0"]
[WhiteTitle "GM"]
[BlackTitle "WFM"]
[WhiteElo "2620"]
[BlackElo "2144"]
[WhiteFideId "3805662"]
[BlackFideId "24109606"]
[EventDate "2020.07.14"]
[EventType "blitz"]

1. e4 e6 2. d4 d5 3. Nc3 Nf6 4. e5 Nfd7 5. f4 c5 6. Nf3 Nc6 7. Be3 Be7 8. Qd2
O-O 9. Be2 a6 10. O-O b5 11. Nd1 cxd4 12. Nxd4 Nxd4 13. Bxd4 Bc5 14. c3 Qb6 15.
Ne3 f5 16. g4 g6 17. gxf5 gxf5 18. Kh1 Bxd4 19. cxd4 Bb7 20. Rg1+ Kh8 21. Rg3
Rg8 22. Rag1 b4 23. Bh5 Rxg3 24. hxg3 a5 25. g4 fxg4 26. Bxg4 Rg8 27. Kh2 Qd8
28. Qf2 Qe7 29. Rg2 Nf8 30. f5 exf5 31. Nxf5 Qg5 32. Bh3 Qh5 33. Rxg8+ Kxg8 34.
Ne7+ Kg7 35. Qf6# 1-0

[Event "33rd Leon Blitz Open 2020"]
[Site "chess.com INT"]
[Date "2020.07.14"]
[Round "5"]
[White "Stany, G.A."]
[Black "Kulkarni, Rakesh"]
[Result "0-1"]
[WhiteTitle "GM"]
[BlackTitle "IM"]
[WhiteElo "2522"]
[BlackElo "2321"]
[WhiteFideId "5029104"]
[BlackFideId "5037077"]
[EventDate "2020.07.14"]
[EventType "blitz"]

1. e4 c5 2. Nf3 e6 3. b3 Nc6 4. Bb2 d5 5. Bb5 dxe4 6. Ne5 Qc7 7. Qe2 Nf6 8. Nxc6
bxc6 9. Bc4 Bd6 10. Nc3 Be5 11. O-O-O a5 12. a4 O-O 13. Nxe4 Bxb2+ 14. Kxb2 Qe5+
15. Nc3 Qd4 16. h4 Rb8 17. Rh3 e5 18. Rd3 Qxc4 19. Qxe5 Rxb3+ 20. Kc1 Ra3 21.
Rg3 Ra1+ 22. Kb2 Rxd1 23. Rxg7+ Kh8 24. Qxf6 Qb4+ 25. Ka2 Be6+ 0-1

[Event "33rd Leon Blitz Open 2020"]
[Site "chess.com INT"]
[Date "2020.07.14"]
[Round "5"]
[White "Bykhovsky, Anatoly"]
[Black "Djokic, Mihailo"]
[Result "1-0"]
[WhiteTitle "GM"]
[BlackTitle "FM"]
[WhiteElo "2496"]
[BlackElo "2232"]
[WhiteFideId "2806991"]
[BlackFideId "976440"]
[EventDate "2020.07.14"]
[EventType "blitz"]

1. d4 Nf6 2. Nf3 g6 3. c4 Bg7 4. Nc3 d6 5. Bg5 O-O 6. e3 c5 7. d5 Bf5 8. Nd2 h6
9. Bh4 g5 10. Bg3 Bg6 11. Be2 Nbd7 12. h4 Ne5 13. hxg5 hxg5 14. Bxe5 dxe5 15.
Nf3 Qb6 16. Qd2 Nh7 17. e4 f6 18. Nh2 Kf7 19. Ng4 Rh8 20. O-O-O Qd6 21. Ne3 Nf8
22. Rxh8 Bxh8 23. Rh1 Nd7 24. Bg4 Nb6 25. f3 Bg7 26. Be6+ Kf8 27. g3 a6 28. Rh3
Rd8 29. Qh2 1-0

[Event "33rd Leon Blitz Open 2020"]
[Site "chess.com INT"]
[Date "2020.07.14"]
[Round "5"]
[White "Kokarev, Dmitry"]
[Black "Flores Quillas, Diego Saul Rodri"]
[Result "1-0"]
[WhiteTitle "GM"]
[BlackTitle "FM"]
[WhiteElo "2611"]
[BlackElo "2245"]
[WhiteFideId "4132181"]
[BlackFideId "3822508"]
[EventDate "2020.07.14"]
[EventType "blitz"]

1. Nc3 Nf6 2. g3 d5 3. Bg2 c6 4. d3 e5 5. Nf3 Bd6 6. O-O O-O 7. e4 dxe4 8. Nxe4
Nxe4 9. dxe4 f6 10. Nh4 g6 11. Qe2 Be6 12. Bh6 Rf7 13. Rad1 Qc7 14. f4 b5 15. b3
Bc8 16. f5 g5 17. Nf3 Bf8 18. Bxf8 Rxf8 19. h4 h6 20. Nh2 Qg7 21. Rd6 Nd7 22.
Rfd1 Nb6 23. Qh5 Bd7 24. Ng4 Be8 25. Qxh6 Qxh6 26. Nxh6+ Kg7 27. hxg5 fxg5 28.
Ng4 Bh5 29. Bf3 Bxg4 30. Bxg4 c5 31. Rg6+ Kf7 32. Bh5 Rh8 33. g4 Ke7 34. Rg7+
Kf8 35. Rxg5 a5 36. Rg6 a4 37. Rxb6 axb3 38. axb3 Ra3 1-0

[Event "33rd Leon Blitz Open 2020"]
[Site "chess.com INT"]
[Date "2020.07.14"]
[Round "5"]
[White "Sevian, Samuel"]
[Black "Smirnov, Anton"]
[Result "0-1"]
[WhiteTitle "GM"]
[BlackTitle "GM"]
[WhiteElo "2660"]
[BlackElo "2597"]
[WhiteFideId "2040506"]
[BlackFideId "3208923"]
[EventDate "2020.07.14"]
[EventType "blitz"]

1. d4 d5 2. c4 c6 3. Nf3 Nf6 4. e3 Bg4 5. Nc3 e6 6. h3 Bh5 7. g4 Bg6 8. Ne5 Nbd7
9. Nxg6 hxg6 10. Bd2 Bb4 11. Qb3 Bxc3 12. Bxc3 Nxg4 13. Qxb7 Rb8 14. Qxc6 Qf6
15. hxg4 Rxh1 16. Qc7 Qf3 17. Qg3 Qxg3 18. fxg3 dxc4 19. Kf2 Nb6 20. Kg2 Rh8 21.
e4 Na4 22. Bxc4 Nxc3 23. bxc3 Rb2+ 24. Kf3 Rc2 25. Bb5+ Ke7 26. c4 Rhh2 27. g5
Rc3+ 28. Kg4 Rg2 29. Rb1 Rgxg3+ 30. Kh4 f6 31. gxf6+ gxf6 32. Rh1 f5 0-1

[Event "33rd Leon Blitz Open 2020"]
[Site "chess.com INT"]
[Date "2020.07.14"]
[Round "5"]
[White "Kotsur, Pavel"]
[Black "Pesotskiy, Mikhail"]
[Result "1-0"]
[WhiteTitle "GM"]
[BlackTitle "FM"]
[WhiteElo "2517"]
[BlackElo "2245"]
[WhiteFideId "13700278"]
[BlackFideId "34164453"]
[EventDate "2020.07.14"]
[EventType "blitz"]

1. e4 e6 2. d4 d5 3. Nd2 Nf6 4. e5 Nfd7 5. f4 c5 6. Ngf3 Nc6 7. Nb3 Be7 8. dxc5
Nxc5 9. Be3 Nxb3 10. axb3 O-O 11. c3 f6 12. exf6 Bxf6 13. Bd3 e5 14. fxe5 Nxe5
15. Nxe5 Bxe5 16. Qh5 g6 17. Qxe5 Re8 18. Qg3 d4 19. Bc4+ Be6 20. O-O-O Bxc4 21.
Rxd4 Qa5 22. Kc2 Bf7 23. Rf1 1-0